000 nam a22 a 4500
999 _c2198
_d2198
003 AKMAL
005 20170515152902.0
008 170515s2003 my 00 may d
020 _a983192228X (kkt.):
_cRM19.00
040 _aAKMAL
082 0 4 _a370.15 SHA
_221
090 0 0 _a370.15
_bSHA
100 0 _aShahabuddin Hashim,
_cDr
_91316
245 1 0 _aPsikologi pembelajaran dan personaliti /
_cEn. Shahabuddin Hashim, Dr. Rohizani Ismail
260 _aBentong :
_bPTS Publications & Distributors,
_c2003
300 0 0 _a193ms. ;
_c23cm
504 _aBibliografi : ms. [186]-193
650 0 _aEducational psychology
_91289
650 0 _aPersonality
_xPsychological aspects
_91218
700 0 _aRohizani Yaakub
_91320
942 _2ddc
_cBOOK